00559 2200205 4500001002100000005001500021035002000036008004100056041000600097082001300103245005000116260005100166500002400217084001900241100002000260300002900280650001400309650001700323990001300340INLIS00000000000011520260425041618 a0010-0521000115260425 g 0 dut  a0 a908(910)1 aNatuur en menschen in Indie /cAugusta de Wit aAmsterdam :bGoede en Goedkoope Lectuur,c1921 ain CDROM no 32/2016 a908(910) WIT n0 aWIT, Augusta de a495 p. :bill. ;c25 cm. 4aINDONESIA 4aANTHROPOLOGY a105 F 14